000 01143nam a2200301 c 4500
003 BLK
005 20180917171504.0
008 180409b bul|||||r ||||||| ||bul||
010 _aKNG00100641000
020 _a954-9761-15-0
_bиздат.: Световит
040 _aBLK
041 _aBUL
_cBUL
080 _aБългарска литература
_b821.163.2
_x-311.6
_z821.163.2-311.6
100 1 _aХристозов, Петър
_eпърви автор
_9370891
139 _aХристозов, Петър
_bХ 82
245 1 0 _aШпионинът се завръща
_bПолит. роман
_cПетър Христозов.
257 _aBGR
260 София
_bСветовит
_c2001
_fВраца : Полипринт
300 _a174 с.
_c20 см
380 _aX
490 1 _aПоредица Милиардите на България
500 _aПетър Христозов - псевд. на Христо Вълчев. - В кн. означено ч. 2.
852 _aЦб 209225
856 4 _qpdf
_u
856 4 _qpdf
_u
942 _cKNG
_n0
_01
944 _aCR
_c01.01.2001
_kЦветанка_Енчева
944 _aED
_c22.04.2004
_k
999 _c95766
_d95766